Stalking and violence (Record no. 48995)
[ view plain ]
| 000 -LEADER | |
|---|---|
| fixed length control field | 01260nam a22003134a 4500 |
| 082 04 - DEWEY DECIMAL CLASSIFICATION NUMBER | |
| Classification number | 362.88 |
| 100 1# - MAIN ENTRY--AUTHOR NAME | |
| Personal name | Morewitz, Stephen John, |
| 245 10 - TITLE STATEMENT | |
| Title | Stalking and violence |
| 260 ## - PUBLICATION, DISTRIBUTION, ETC. (IMPRINT) | |
| Place of publication | New York : |
| Name of publisher | Kluwer Academic/Plenum Publishers, |
| Year of publication | c2003. |
| 300 ## - PHYSICAL DESCRIPTION | |
| Number of Pages | xiii, 150 p. |
| 650 #0 - SUBJECT ADDED ENTRY--TOPICAL TERM | |
| Topical Term | Stalking |
| Topical Term | Stalkers |
| Topical Term | Stalking victims |
| 856 40 - ELECTRONIC LOCATION AND ACCESS | |
| Uniform Resource Identifier | http://site.ebrary.com/lib/rucke/Doc?id=10067241 |
No items available.
